Представление документа в формате RUSMARC

ПолеНазваниеЗначение
  Тип записи a
  Библиографический уровень m
001 Контрольный номер 01af7dea755b4a0bad92c9fab2e2b319
005 Дата корректировки 20150527103920.2
010 Индекс ISBN __
a ISBN 978-5-85971-599
d Цена 110.00
101 Язык документа 0_
a Язык текста rus
102 Страна публикации __
a Страна публикации RU
200 Заглавие и сведения об ответственности 1_
a Заглавие Экономика предприятия (в сфере товарного обращения)
b Общее обозначение материала Текст
e Сведения, относящиеся к заглавию учебник
f Первые сведения об ответственности Л.И. Ерохина
210 Выходные данные 1_
a Место издания М.
c Издательство Кнорус
d Дата издания 2007
215 Физическое описание __
a Объем 304 с.
686 Индексы других классификаций __
a Классификационный индекс 65.9(2)29
700 Автор _1
a Фамилия Ерохина
b Имя Л. И.
801 Источник записи _0
a Страна RU
b Организация РУК
c Дата составления 27.05.2015
g Правила каталогизации PSBO
801 Источник записи _1
a Страна RU
b Организация РУК
c Дата составления 27.05.2015
g Правила каталогизации PSBO
852 Данные о местонахождении __
i Авторский знак Е 78
j Шифр хранения ББК 65.9(2)29
901 Тип документа __
t Тип документа m
937 Технологическая информация __
a Создатель записи (имя) Морозова
938 Служебная информация __
a Название организации Арзамасский филиал
952 Тип литературы __
c Вид литературы учебник